000
00194 a2200097 4500
001
41183
100
_a
H
245
_a
Maoz tang (urdu) w.o 1996
260
_a
Lahor
_b
_c
090
_c
25406
_d
25406
942
_a
NUST-CAE
_c
M
_c
17121
999
_c
276256
_d
276256